Television Quiz

Random Television or War Quiz

Band of Brothers Easy Company Members Quiz Stats

 Plays Quiz not verified by Sporcle

Score 0/40 Timer 15:00
0 Plays Today
Hint Member % Correct
NarratorRichard Winters
99.4%
Narrators Best FriendLewis Nixon
96.3%
Surname is slang for 'bulls**t'Donald Malarkey
90.1%
First commander of Easy Company Herbert Sobel
88.2%
Company MedicEugene Roe
87%
Loses his leg in the siege of BastogneJoesph Toye
86.5%
Given Battlefield Commission Carwood Lipton
86.2%
Brother killed at Monte Casino the day before D-DayWilliam 'Bill' Guarnere
86.2%
Known for his impressionsGeorge Luz
85.9%
Best Shot in the CompanyDarrel 'Shifty' Powers
85.1%
Commander of Easy Company when the war endsRonald Spiers
84.5%
Killed during the Siege of Bastogne in his foxholeWarren 'Skip' Muck
84.5%
Relieved of command of Easy Company during the Battle of FoyNorman Dike
83.9%
Is moved off the line during the siege of BastogneLynn 'Buck' Compton
83.1%
Speaks GermanJoseph Liebgott
82.3%
Always Chewing a CigarDenver 'Bull' Randleman
81.4%
Accidently shoots himself in the leg with a Luger GunDonald Hoobler
80%
Also gets shot in the backside, but during the battle of FoyFrank Perconte
77.7%
Shot in the backside during D-DayRobert 'Popeye' Wynn
77.5%
Only 'Toccoa' man to never advance from rank of privateDavid Webster
76.3%
Hint Member % Correct
Commander of Easy Company shot down on D-DayThomas Meehan
75.8%
Killed during the Siege of Bastogne in his foxholeAlex Penkala
74.9%
Gets injured in the plane on D-Day and therefore cannot make the jumpRoy Cobb
73.2%
Switches jackets with another soldier in 'Currahee'John Martin
72.7%
Commands 1st platoon on D-DayHarry Welsh
68.5%
Ginger haired replacement Edward 'Babe' Heffron
67.6%
Resigns as company 1st sgt in 'Points'Floyd Talbert
64.5%
Shot in the head by another american soldier in AustriaCharles Grant
64.2%
Caught having drunk from his water can on march in 'Currahee'Burton Christenson
59.7%
Wounded in the neck in Normandy in 'Carentan'Albert Blithe
58.6%
Commander of Easy company for very short timeMoose Heyliger
57.7%
Officer sent home because of competition drawThomas Peacock
56.3%
Joins Easy Company in 'Why We Fight'Patrick O'Keefe
53%
Paralysed during the Siege of BastogneWalter 'Smokey' Gordon
52.7%
Joins Easy Company in 'Replacements'Antonio Garcia
50.7%
Stole Hitler's photo album from the Eagles NestAlton More
48.7%
Killed in Holland during the attack on the dyke in 'Crossraods'William Dukeman
45.9%
Joins Easy Company in 'Replacements'Lester Hashey
43.4%
Demoted to private for rebelling against commanding officer in 'Currahee'Mike Ranney
39.4%
Leads 1st platoon into the Battle of FoyJack Foley
35.8%

You're not logged in!

Compare scores with friends on all Sporcle quizzes.
OR
Log In

Show Comments

Extras

Created Nov 26, 2010ReportNominate
Tags:War Quiz

Top Quizzes Today


Score Distribution

Your Account Isn't Verified!

In order to create a playlist on Sporcle, you need to verify the email address you used during registration. Go to your Sporcle Settings to finish the process.

Report this User

Report this user for behavior that violates our Community Guidelines.

Details: